01329nam a22001937a 4500999001700000003000900017008004100026040007100067082002500138100002300163245004600186260005000232300002800282505065900310650003000969942001600999945000901015952011101024 c12042d12042AR-CdUCM190405b ||||| |||| 00| 0 spa d aMUNICIPALIDAD PROVINCIAL DEL CUSCOcBIBLIOTECA MUNICIPAL DEL CUSCO a129.82 /bI53 / 1930 aIngenieros, José aLa simulación en la lucha por la vida / aBuenos Aires :bEdiciones L. J. Rosso,c1930. a298 páginas ;c18 cm. aContenido: t.1. La simulación en la lucha por la vida. Simulación de la locura. La psicopatología en el arte -- t.2. Histeria y sugestión. La locura en la Argentina. Criminología -- t.3. Principios de psicología. Tratado del amor -- t.4-5. La evolución de las ideas argentinas -- t.6. Sociología argentina. La universidad del porvenir. Los tiempos nuevos -- t.7. Las fuerzas morales. El hombre mediocre. Hacia una moral sin dogmas. Proposiciones relativas al porvenir de la filosofía. Emilio Boutroux y la filosofía universitaria en Francia -- t.8. La cultura filosófica en España. Crónicas de viaje. Las doctrinas de Ameghino. aPsicología social94539 2ddccLIBROS adavv 002ddc4070aSCAbSCAcCARTd2019-04-05g50.00o129.82 / I53 / 1930 / v.1pSCA0001753r2019-04-05yLIBROS